Science Quiz

Random Science Quiz

AUC: MCB I Disease Mode of Inheritance Quiz Stats

 Plays Quiz not verified by Sporcle

Score 0/11 Timer 15:00
0 Plays Today
Disease Mode of Inheritance % Correct
Sickle Cell DiseaseAutosomal Recessive
90.5%
Duchenne Muscular DystrophyX-Linked Recessive
90.5%
Becker's Muscular DystrophyX-Linked Recessive
90.5%
Cystic FibrosisAutosomal Recessive
90.5%
Huntington DiseaseAutosomal Dominant
90.5%
Hemophilia AX-Linked Recessive
85.3%
AchondroplasiaAutosomal Dominant
85.3%
Marfan SyndromeAutosomal Dominant
85.3%
Beta ThalassemiaAutosomal Recessive
83.2%
Nail - Patella SyndromeAutosomal Dominant
73.7%
Leber Hereditary Optic Neuropathy (LHON)Mitochondrial
72.6%

You're not logged in!

Compare scores with friends on all Sporcle quizzes.
OR
Log In

Sporcle TV

Today on Sporcle TV


Watch our educational content, quiz creation guides, and fun videos on Sporcle TV.

Show Comments

Extras

Top Quizzes Today


Score Distribution

Your Account Isn't Verified!

In order to create a playlist on Sporcle, you need to verify the email address you used during registration. Go to your Sporcle Settings to finish the process.

Report this User

Report this user for behavior that violates our Community Guidelines.

Details: